Valparaíso como habitación urbana

Uloženo v:
Podrobná bibliografie
Hlavní autor: González Riquelme, Alicia Paz (Autor)
Médium: Kniha
Jazyk:španělština
Vydáno: Ciudad de México Universidad Autónoma Metropolitana 2010
Témata:
Tagy: Přidat tag
Žádné tagy, Buďte první, kdo vytvoří štítek k tomuto záznamu!

MARC

LEADER 00000cam a2200000 a 4500
001 UCF5024
003 CL-VaPUC
008 130110e20100000MX |||||||||||||||||spa|d
020 |a 9786074774085 
082 0 4 |a 711.42  |b GON  |2 21 
100 0 |a González Riquelme, Alicia Paz  |e author  |9 566749 
245 1 0 |a Valparaíso como habitación urbana 
300 |a 224 p 
651 0 |a Valparaíso, Chile  |9 261144 
942 |c BK 
945 |d 20130110 00:00:00  |a dcastane 
260 |a Ciudad de México  |b Universidad Autónoma Metropolitana  |c 2010 
650 0 |a Planificación urbana   |9 258176 
650 0 |a Patrimonio cultural arquitectónico  |9 558310 
650 0 |a Patrimonio arquitectónico  |9 488599 
583 |a last modification  |c 20130110 11:00:00  |k Rodrigo Vera 
999 |c 350659  |d 350657 
952 |0 0  |1 0  |4 0  |6 711_420000000000000_GON_2010  |7 0  |8 R  |9 454215  |a BIBARQ  |b BIBARQ  |d 2019-11-22  |i 4942787  |o 711.42 GON 2010  |p 4942787  |r 2025-01-20  |w 2019-11-22  |y BK_R  |k ARQ